Statistics for Shanghai Cooperation Organization on a Map

Click here to take the quiz!

General Stats

  • This quiz has been taken 64 times
  • The average score is 15 of 18

Answers on the Map

Answers color-coded by a green-red scale on the quiz's map according to % correct below.
 

Answer Stats

Year of accessionAnswer% Correct
2001
Russia
100%
2001China
96%
2017India
96%
2017Pakistan
94%
2005Iran
92%
2013Turkey
92%
2001Uzbekistan
91%
2015Belarus
89%
2001Kyrgyzstan
89%
2001Tajikistan
89%
2004Mongolia
87%
2012Afghanistan
85%
2016Armenia
83%
2016Azerbaijan
83%
2016Nepal
83%
2015Cambodia
81%
2010Sri Lanka
70%
2001Kazahkstan
47%

Score Distribution

Percentile by Number Answered

Percent of People with Each Score

Your Score History

You have not taken this quiz